| 000 | 00508nam a22001817a 4500 | ||
|---|---|---|---|
| 003 | CEME | ||
| 005 | 20210628201950.0 | ||
| 008 | 210415b xxu||||| |||| 00| 0 eng d | ||
| 020 | _a0-13-359587-5 | ||
| 040 | _c. | ||
| 082 | _a621.380043 WOL'G | ||
| 100 |
_aWolf, Stanley _957636 |
||
| 245 | _aGuide to electronic measurements and laboratory practice | ||
| 260 |
_aNEWJERSCY _bPRENTICE HALL _c1973 |
||
| 300 | _a494P | ||
| 650 |
_aELECTRONIC MEASREMENT ELECTRONIC INSTRUMENTS _957637 |
||
| 942 |
_cBK _2ddc |
||
| 999 |
_c567906 _d567906 |
||